Noms latins - Insectes - Statistiques

Statistiques générales
  • Ce quiz a été pris 5 fois
  • Le résultat moyen est 7 sur 15
Statistiques - réponses
Hint Réponse % Correct
Abeille mellifère Apis mellifera
100%
Mante religieuse Mantis religiosa
100%
Bourdon terrestre Bombus terrestris
75%
Cétoine dorée Cetonia aurata
75%
Coccinelle à sept points Coccinella septempunctata
75%
Guêpe commune Vespula vulgaris
75%
Mouche domestique Musca domestica
50%
Piéride du chou Pieris brassicae
50%
Grande sauterelle verte Tettigonia viridissima
50%
Frelon asiatique Vespa velutina
50%
Fourmi noire Lasius niger
25%
Moustique tigre Aedes albopictus
0%
Papillon monarque Danaus plexippus
0%
Libellule déprimée Libellula depressa
0%
Gendarme Pyrrhocoris apterus
0%
Aucun quiz correspondant
Distribution des résultats
% des personnes avec chaque résultat
Percentile par nombre de réponses
Votre historique - résultats
Vous n’avez pas pris ce quiz